000 00375 a2200157 4500
001 58824
020 _a8508038887
040 _cAnchieta - Pituba
100 _aGooch, John
240 1 0 _aA unificação da Itália
_lpor
245 1 0 _aA unificação da Itália
300 _a69
362 0 _a1991
650 4 _aPenínsula Itálica e ilhas adjacentes - Itália
942 _cBK
999 _c58824
_d58824